Beasts / Ingvild Bjerkeland ; translated by Rosie ... Read More
Available copies
- 1 of 1 copy available at LARL/NWRL Consortium.
- 1 of 1 copy available at Lake Agassiz Regional Library. (Show preferred library)
Current holds
0 current holds with 1 total copy.
Show Only Available Copies
| Location | Call Number / Copy Notes | Barcode | Shelving Location | Status | Due Date |
|---|---|---|---|---|---|
| Detroit Lakes Public Library | Y BJE (Text) | 33500014194575 | Main | Available | - |
Record details
- ISBN: 9781646145133
- ISBN: 1646145135
- Physical Description: 120 pages ; 21 cm
- Publisher: Montclair : Levine Querido, [2025].
- Copyright: ©2023
Content descriptions
| General Note: | Subtitle from cover. "Originally published in Norway in 2023 as Udyr by Cappelen Damm" --Title page verso. |
| Summary, etc.: | The world has been overrun by hitherto unknown ... Read More |
| Target Audience Note: | 10-14 years old. |
| Language Note: | Text in English; translated from the Norwegian. |
Search for related items by subject
| Subject: | Monsters > Juvenile fiction. Survival > Juvenile fiction. Horror stories. FICTION / Action & Adventure. |
| Genre: | JUVENILE FICTION / Action & Adventure / Survival Stories. Apocalyptic fiction. Science fiction. Fantasy fiction. Horror fiction. |
| LDR | 02655cam a2200577 i 4500 | ||
|---|---|---|---|
| 001 | 457220 | ||
| 003 | LARL_NWRL_CONSORTIUM | ||
| 005 | 20250424163838.0 | ||
| 008 | 240810t20252023nju j 000 1 eng d | ||
| 010 | . | ‡a 2024942576 | |
| 040 | . | ‡aYDX ‡beng ‡erda ‡cYDX ‡dOCLCO ‡dBDX ‡dIG# ‡dOCLCQ ‡dTOH ‡dMDB ‡dOCLCO ‡dSO$ ‡dFMU ‡dOJ4 ‡dDUD ‡dNJR | |
| 020 | . | ‡a9781646145133 ‡q(hardcover) | |
| 020 | . | ‡a1646145135 ‡q(hardcover) | |
| 035 | . | ‡a(OCoLC)1451662425 | |
| 041 | 1 | . | ‡aeng ‡hnor |
| 082 | 0 | 4. | ‡a[Fic] ‡223 |
| 100 | 1 | . | ‡aBjerkeland, Ingvild, ‡d1981- ‡eauthor. |
| 240 | 1 | 0. | ‡aUdyr. ‡lEnglish. |
| 245 | 1 | 0. | ‡aBeasts / ‡cIngvild Bjerkeland ; translated by Rosie Hedger. |
| 264 | 1. | ‡aMontclair : ‡bLevine Querido, ‡c[2025]. | |
| 264 | 4. | ‡c©2023 | |
| 300 | . | ‡a120 pages ; ‡c21 cm | |
| 336 | . | ‡atext ‡btxt ‡2rdacontent | |
| 337 | . | ‡aunmediated ‡bn ‡2rdamedia | |
| 338 | . | ‡avolume ‡bnc ‡2rdacarrier | |
| 500 | . | ‡aSubtitle from cover. | |
| 500 | . | ‡a"Originally published in Norway in 2023 as Udyr by Cappelen Damm" --Title page verso. | |
| 520 | . | ‡aThe world has been overrun by hitherto unknown beasts. Society has collapsed: the power is gone, cars are abandoned across the highways, and anyone left is hiding from the terrifying creatures --and one another. Thirteen-year-old Abdi and his five-year-old sister Alva are on the run. Their last hope is pto escape through the forest and to the sea. As they recall the strange events that led to the beasts' arrival, and how the two of them got to where they were, they must ask themselves who they can trust and what they will do to survive. | |
| 521 | 8 | . | ‡a10-14 years old. |
| 546 | . | ‡aText in English; translated from the Norwegian. | |
| 650 | 0. | ‡aMonsters ‡vJuvenile fiction. ‡0(LARL_NWRL_CONSORTIUM)166253 | |
| 650 | 0. | ‡aSurvival ‡vJuvenile fiction. | |
| 650 | 1. | ‡aHorror stories. ‡0(LARL_NWRL_CONSORTIUM)176036 | |
| 650 | 7. | ‡aFICTION / Action & Adventure. ‡2bisacsh | |
| 655 | 7. | ‡aJUVENILE FICTION / Action & Adventure / Survival Stories. ‡2bisacsh | |
| 655 | 7. | ‡aApocalyptic fiction. ‡2lcgft | |
| 655 | 7. | ‡aScience fiction. ‡2lcgft | |
| 655 | 7. | ‡aFantasy fiction. ‡2lcgft | |
| 655 | 7. | ‡aHorror fiction. ‡2lcgft | |
| 700 | 1 | . | ‡aHedger, Rosie, ‡etranslator. |
| 936 | . | ‡aBATCHLOAD | |
| 901 | . | ‡a457220 ‡bOCoLC ‡c457220 ‡tbiblio ‡soclc | |

Add to basket
Permalink
Disable Highlighting